| 000 | 00912nam a22002537a 4500 | ||
|---|---|---|---|
| 003 | OSt | ||
| 005 | 20150408114135.0 | ||
| 008 | 130627s 2012xxu||||f |||| 00| 0 eng d | ||
| 020 | _a9781455738397 | ||
| 040 | _aMau | ||
| 082 |
_a616.8900835 _bEBE |
||
| 245 |
_aEvidence-based school psychiatry / _cguest editors, Jeffrey Q. Bostic, Alexa L. Bagnell ; consulting editor, Harsh K. Trivedi. |
||
| 260 |
_aPhiladelphia, Pa. : _bSaunders, _c2012 |
||
| 300 |
_axvi, 215 p. : . _b ill. ; _c24 cm |
||
| 490 |
_aChild and adolescent psychiatric clinics of North America ; _vv. 21, no. 1 |
||
| 500 | _aFormerly CIP. |5 Uk | ||
| 504 | _aIncludes bibliographical references and index. | ||
| 650 |
_aAdolescent psychiatry. _913153 |
||
| 650 |
_aChild psychiatry. _913151 |
||
| 650 |
_aSchool psychologists. _936237 |
||
| 700 |
_aBostic, Jeffrey Q. _936238 |
||
| 700 |
_aBagnell, Alexa L. _936239 |
||
| 942 |
_2ddc _cBOOK |
||
| 999 |
_c30183 _d264683 |
||